Nanna Scouting Nenapinangaladinda (Record no. 231387)
[ view plain ]
| 000 -LEADER | |
|---|---|
| fixed length control field | 00751nam a22002057a 4500 |
| 005 - DATE AND TIME OF LATEST TRANSACTION | |
| control field | 20240705160319.0 |
| 008 - FIXED-LENGTH DATA ELEMENTS--GENERAL INFORMATION | |
| fixed length control field | 240705b ||||| |||| 00| 0 eng d |
| 040 ## - CATALOGING SOURCE | |
| Transcribing agency | AL |
| 041 ## - LANGUAGE CODE | |
| Language code of text/sound track or separate title | Kannada |
| 082 ## - DEWEY DECIMAL CLASSIFICATION NUMBER | |
| Edition number | 23 |
| Classification number | 920K |
| Item number | GOPN |
| 100 ## - MAIN ENTRY--PERSONAL NAME | |
| Personal name | U Gopalakrishna Bhat L T ಯು ಗೋಪಾಲಕೃಷ್ಣ ಭಟ್ ಎಲ್ ಟಿ |
| 100 ## - MAIN ENTRY--PERSONAL NAME | |
| 9 (RLIN) | 172748 |
| 245 ## - TITLE STATEMENT | |
| Title | Nanna Scouting Nenapinangaladinda |
| Remainder of title | ನನ್ನ ಸ್ಕೌಟಿಂಗ್ ನೆನಪಿನಂಗಳದಿಂದ |
| 260 ## - PUBLICATION, DISTRIBUTION, ETC. | |
| Place of publication, distribution, etc. | Mangaluru |
| Name of publisher, distributor, etc. | Govardhana Prakashana |
| Date of publication, distribution, etc. | 2020 |
| 300 ## - PHYSICAL DESCRIPTION | |
| Extent | xiv,144 p. |
| Other physical details | PB |
| Dimensions | 21.5x13.6 cm. |
| 365 ## - TRADE PRICE | |
| Price amount | ₹110.00 |
| Currency code | ₹ |
| Unit of pricing | ₹110.00 |
| 650 ## - SUBJECT ADDED ENTRY--TOPICAL TERM | |
| Topical term or geographic name entry element | Biography |
| 9 (RLIN) | 172643 |
| 650 ## - SUBJECT ADDED ENTRY--TOPICAL TERM | |
| Topical term or geographic name entry element | Scouting Movement |
| 9 (RLIN) | 172644 |
| 700 ## - ADDED ENTRY--PERSONAL NAME | |
| Personal name | BHAT (U Gopalkrishna) |
| 9 (RLIN) | 172636 |
| 942 ## - ADDED ENTRY ELEMENTS (KOHA) | |
| Source of classification or shelving scheme | Dewey Decimal Classification |
| Koha item type | Donated Books |
| Withdrawn status | Lost status | Source of classification or shelving scheme | Damaged status | Not for loan | Collection code | Home library | Current library | Date acquired | Cost, normal purchase price | Total Checkouts | Full call number | Barcode | Date last seen | Cost, replacement price | Price effective from | Koha item type |
|---|---|---|---|---|---|---|---|---|---|---|---|---|---|---|---|---|
| Dewey Decimal Classification | Others | St Aloysius Library | St Aloysius Library | 03/28/2024 | 110.00 | 920K GOPN | D06061 | 07/05/2024 | 110.00 | 07/05/2024 | Donated Books |